Statistics for The Official Top Countries With The Best Education System

Click here to take the quiz!

General Stats

  • This quiz has been taken 23 times
  • The average score is 64 of 93

Answer Stats

#Answer% Correct
13Finland
100%
43Italy
100%
45Spain
100%
5Sweden
100%
3Australia
94%
8Canada
94%
65China
94%
9Germany
94%
33India
94%
12Israel
94%
11Japan
94%
21Luxembourg
94%
22New Zealand
94%
18Norway
94%
36Russia
94%
17South Korea
94%
2United States
94%
61Argentina
88%
40Austria
88%
19Belgium
88%
54Chile
88%
27Czech Republic
88%
7Denmark
88%
6France
88%
26Greece
88%
37Lithuania
88%
56Mexico
88%
34Portugal
88%
38Saudi Arabia
88%
15Singapore
88%
71South Africa
88%
10Switzerland
88%
52Thailand
88%
53Turkey
88%
1United Kingdom
88%
31Estonia
81%
25Iceland
81%
32Latvia
81%
63Malaysia
81%
4Netherlands
81%
30Poland
81%
41Slovakia
81%
16Slovenia
81%
46Brazil
75%
84Colombia
75%
35Croatia
75%
24Hungary
75%
70Indonesia
75%
23Ireland
75%
44Kuwait
75%
64Oman
75%
67Qatar
75%
47Romania
75%
50Serbia
75%
14Taiwan
75%
20United Arab Emirates
75%
48Uruguay
75%
49Bulgaria
69%
81Costa Rica
69%
39Georgia
69%
28Liechtenstein
69%
83Pakistan
69%
51Bahrain
63%
88Jordan
63%
62Kazakhstan
63%
68Albania
56%
69Azerbaijan
56%
79Barbados
50%
76Brunei
50%
29Cyprus
50%
89Libya
50%
60Malta
50%
74Bahamas
44%
55Kyrgyzstan
44%
73Montenegro
44%
92Myanmar
44%
59Tunisia
44%
78Dominican Republic
38%
82Lebanon
38%
77Sri Lanka
38%
80Grenada
31%
87Maldives
31%
58Trinidad and Tobago
31%
86Turkmenistan
31%
93Botswana
25%
85Gabon
25%
57Seychelles
25%
42Hong Kong
19%
75Mauritius
19%
72Zambia
19%
90Central African Republic
13%
66Puerto Rico
13%
91Liberia
6%

Score Distribution

Percentile by Number Answered

Percent of People with Each Score

Your Score History

You have not taken this quiz